The Legend of Zelda : Breath of the Wild - Lieux par images - Statistiques

Statistiques générales
  • Ce quiz a été pris 158 fois
  • Le résultat moyen est 21 sur 42
Statistiques - réponses
Par images Réponse % Correct
Village Cocorico
97%
Village d'Élimith
92%
Plateau du prélude
91%
Laboratoire antique d'Élimith
88%
Maison de Link
80%
Temple du temps
79%
Village d'Écaraille
79%
Sanctuaire de la renaissance
77%
Domaine Zora
73%
Vah'Ruta
73%
Village d'Euzero
71%
Village Goron
70%
Village Piaf
67%
Laboratoire antique d'Akkala
65%
Source de la force
64%
Vah'Rudania
64%
Monts Géminés
63%
Montagne de Lanelle / Source de la sagesse
58%
Montagne de la mort
57%
Source du courage
57%
Vah'Medoh
56%
Cité Gerudo
54%
Muraille d'Élimith
54%
Forêt Korogu
47%
Île Finalis
45%
Les Bois Perdus
44%
Vah'Naboris
42%
Bazar Assek
37%
Repaire des Yigas
37%
Mont Satori
36%
Château d'Hyrule
33%
Ruines de l'amphithéâtre
29%
Grand pont de Tabanta
25%
Ruines des Obscurcies
22%
Quartiers principaux
18%
Ruines Soneau
14%
Mine abandonnée du Nord
13%
Pic East d'Hébra / Chaîne d'Hébra
12%
Ruines du ranch
12%
Étude de Zelda
10%
Marlon
4%
Ruines de l'autel
2%
Aucun quiz correspondant
Distribution des résultats
% des personnes avec chaque résultat
Percentile par nombre de réponses
Votre historique - résultats
Vous n’avez pas pris ce quiz